000 00584nam a2200181Ii 4500
003 JO-AjNU
008 230605s9999||||xx |||||||||||||| ||und||
040 _aJO-AjNU
_bara
_erda
_cJO-AjNU
041 _aara
050 1 4 _aTK5105.888 2013
100 3 _aشاهين، باسم,
_eauthor
_951963
245 0 0 _aادارة المواقع الالكترونية تجربة من الواقع
300 _a160ص
336 _atext
_btxt
_2rdacontent
337 _aunmediated
_bn
_2rdamedia
338 _avolume
_bnc
_2rdacarrier
650 4 _aمواقع الانترنت - ادارة
_951964
999 _aA22990
_c26558
_d26558